Catalog

Record Details

Catalog Search



Available copies

  • 1 of 1 copy available at LARL/NWRL Consortium. (Show)
  • 1 of 1 copy available at Northwest Regional Library.

Current holds

0 current holds with 1 total copy.

Show Only Available Copies
Location Call Number / Copy Notes Barcode Shelving Location Status Due Date
Hallock Public Library lp W WOR (Text) 35500006842247 Main Available -

Record details

  • ISBN: 9798891643956
  • Physical Description: 430 pages (large print) ; 23 cm.
  • Edition: Center Point Large Print edition.
  • Publisher: Thorndike, Maine : Center Point Large Print, 2025.

Content descriptions

General Note:
Regular print version previously published by: Kensington Publishing Corp.
Summary, etc.:
"A couple stiff drinks after a long day's ride. ... Read More
Subject: Gunfighters > Fiction.
Police > Fiction.
Male friendship > Fiction.
Brigands and robbers > Fiction.
Gunfights > Fiction.
Frontier and pioneer life > Texas > Fiction.
Large type books.
Texas > Fiction.
Genre: Western fiction.
Large print books.
LDR 03122cam a2200565Mi 4500
001454179
003LARL_NWRL_CONSORTIUM
00520250115123144.0
008241118t20252024meu d 000 f eng d
007tb
010 . ‡a 2024944858
040 . ‡aCPLPT ‡beng ‡erda ‡cCPLPT ‡dOCLCQ ‡dOCLCO
020 . ‡a9798891643956 ‡q(hardback : alk. paper)
035 . ‡a(OCoLC)1472057693
043 . ‡an-us-tx
08204. ‡a813.6 ‡223/eng/2019
1001 . ‡aWortham, Reavis Z., ‡eauthor. ‡0(LARL_NWRL_CONSORTIUM)223523
24514. ‡aThe only saloon in town / ‡cReavis Z Wortham.
250 . ‡aCenter Point Large Print edition.
264 1. ‡aThorndike, Maine : ‡bCenter Point Large Print, ‡c2025.
264 4. ‡c©2024
300 . ‡a430 pages (large print) ; ‡c23 cm.
336 . ‡atext ‡btxt ‡2rdacontent
337 . ‡aunmediated ‡bn ‡2rdamedia
338 . ‡avolume ‡bnc ‡2rdacarrier
340 . ‡nlarge print. ‡2rdafs
4900 . ‡aCap Whitlatch ; ‡v2
500 . ‡aRegular print version previously published by: Kensington Publishing Corp.
520 . ‡a"A couple stiff drinks after a long day's ride. That's all Cap Whitlatch and his one-armed buddy Gil are looking for when they drift into the dusty town of Angel Fire. Problem is, there's only one saloon and they don't accept U.S. currency. Just gold and silver coins. Which means Cap and Gil have to go to the only bank in town to exchange their bills for coins. Unfortunately for them, the bank is about to get robbed by the wildest sons-of-guns this side of the Rio Grande . . . It turns out Cap and Gil aren't the only ones who need the gold and silver to get a drink. There's a rowdy crew of rough riders from the north, ranch hands from Panther Creek, and a vicious bunch of scalp hunters with a grisly cargo of Commanche and Apache scalps. Since the bank president is out of town, the teller can't exchange anyone's money. Which doesn't sit well with some of the boys, who decide to take the gold and silver themselves with bullets and bloodshed as collateral. Things turn ugly fast. The town marshal turns his head. Which leaves Cap and Gil to deal with these marauding devils before they blow the whole town of Angel Fire to kingdom come . . ."-- ‡cProvided by publisher.
650 0. ‡aGunfighters ‡vFiction.
650 0. ‡aPolice ‡vFiction. ‡0(LARL_NWRL_CONSORTIUM)166800
650 0. ‡aMale friendship ‡vFiction. ‡0(LARL_NWRL_CONSORTIUM)165977
650 0. ‡aBrigands and robbers ‡vFiction. ‡0(LARL_NWRL_CONSORTIUM)163769
650 0. ‡aGunfights ‡vFiction.
650 0. ‡aFrontier and pioneer life ‡zTexas ‡vFiction.
650 0. ‡aLarge type books. ‡0(LARL_NWRL_CONSORTIUM)24284
651 0. ‡aTexas ‡vFiction. ‡0(LARL_NWRL_CONSORTIUM)167647
655 7. ‡aWestern fiction. ‡2lcgft
655 7. ‡aLarge print books. ‡2lcgft
901 . ‡a454179 ‡bAUTOGEN ‡c454179 ‡tbiblio

Additional Resources